Postúpenie pohľadávky

Ako postúpiť pohľadávku. Špecifikácia pohľadávky v zmluve o postúpení. Kedy nie je možné postúpiť pohľadávku. Praktický príklad postúpenia pohľadávok. Postúpenie pohľadávok po 1.1.2008. Opravná položka k postúpenej pohľadávke. Postúpenie už postúpenej pohľadávky.

Guardado en:
Detalles Bibliográficos
Autor principal: Bolgáč, Ján, 1959-
Formato: Capítulo de libro
Lenguaje:eslovaco
Materias:
Etiquetas: Agregar Etiqueta
Sin Etiquetas, Sea el primero en etiquetar este registro!

MARC

LEADER 00000naa$a2200000$$$4500
001 0084808
005 20221128082439.9
041 0 |a slo 
044 |a SK 
245 1 0 |a Postúpenie pohľadávky  |c Ján Bolgáč 
520 |a Ako postúpiť pohľadávku. Špecifikácia pohľadávky v zmluve o postúpení. Kedy nie je možné postúpiť pohľadávku. Praktický príklad postúpenia pohľadávok. Postúpenie pohľadávok po 1.1.2008. Opravná položka k postúpenej pohľadávke. Postúpenie už postúpenej pohľadávky. 
610 2 0 |a pohľadávky 
610 2 0 |a účtovanie 
610 2 0 |a účtovníctvo podvojné 
610 2 0 |a položky opravné 
610 2 0 |a firmy 
100 1 |a Bolgáč, Ján, 1959-